Statistics for 2017 MLB Postseason

Click here to take the quiz!

General Stats

  • This quiz has been taken 355 times
  • The average score is 9 of 10

Answers on the Map

Answers color-coded by a green-red scale on the quiz's map according to % correct below.
 

Answer Stats

Team% Correct
Houston Astros
100%
Los Angeles Dodgers
98%
New York Yankees
97%
Chicago Cubs
96%
Boston Red Sox
93%
Cleveland Indians
85%
Washington Nationals
85%
Minnesota Twins
81%
Colorado Rockies
75%
Arizona Diamondbacks
72%

Score Distribution

Percentile by Number Answered

Percent of People with Each Score

Your Score History

You have not taken this quiz